01009nam a2200265 a 4500008004100000040002500041041000800066044001100074080002400085080001100109080001100120110003300131245028300164260004700447300000900494500004100503700002000544700003200564700003200596700002900628700002800657700003200685100002000717020000600737960511s1959||||[C 0 cze c aSNKbslocSNKeAACR21 acze axocSK a784.4:785.14:785.12 a785.14 a785.120 aSbor Lubomíra Pánka4nrt10aPod jednou střechouhAudiozáznambS Českou muzikou Josefa Charváta, Josefem Bekem a herci pražských divadelcSpieva Sbor Lubomíra Pánka ; Spieva Josef Bek, Jaroslav Satoranský, Pavel Trávníček, Pavel Zedníček, Svatava Černá, Blanka Tůmová ... aBratislavabSlovenský spisovateľc1959 a2 s. a27 českých ľudových piesní1 aBek, Josef4nrt1 aSatoranský, Jaroslav4nrt1 aTrávníček, Pavel4nrt1 aZedníček, Pavel4nrt1 aČerná, Svatava4nrt1 aTůmová ..., Blanka4nrt1 aLeberecht, Hans c5